[Event "70th ch-RUS HL 2017"]
[Site "Sochi RUS"]
[Date "2017.07.05"]
[Round "4.5"]
[White "Dreev, Aleksey"]
[Black "Rozum, Ivan"]
[Result "1/2-1/2"]
[WhiteTitle "GM"]
[BlackTitle "GM"]
[WhiteElo "2647"]
[BlackElo "2573"]
[WhiteFideId "4100107"]
[BlackFideId "24104272"]
[EventDate "2017.07.02"]

1. d4 Nf6 2. Nf3 e6 3. c4 b6 4. a3 Ba6 5. Qb3 Be7 6. Bf4 O-O 7. Nc3 c5 8. e3
cxd4 9. exd4 d6 10. Be2 Bb7 11. O-O d5 12. c5 Nc6 13. Rac1 Ne4 14. Rfd1 g5 15.
Be3 Rb8 16. Nxe4 dxe4 17. Ne5 Nxe5 18. dxe5 Bd5 19. Bc4 bxc5 20. Qa2 Bxc4 21.
Qxc4 Qc7 22. Qxe4 Rxb2 23. h4 h6 24. hxg5 hxg5 25. Re1 Kg7 26. Qg4 Kg6 27. Qe4+
Kg7 28. Qg4 Kg6 29. Qe4+ Kg7 1/2-1/2

[Event "70th ch-RUS HL 2017"]
[Site "Sochi RUS"]
[Date "2017.07.05"]
[Round "4.6"]
[White "Matlakov, Maxim"]
[Black "Bocharov, Dmitry"]
[Result "1-0"]
[WhiteTitle "GM"]
[BlackTitle "GM"]
[WhiteElo "2730"]
[BlackElo "2576"]
[WhiteFideId "4168003"]
[BlackFideId "4138716"]
[EventDate "2017.07.02"]

1. d4 Nf6 2. c4 e6 3. g3 d5 4. Bg2 dxc4 5. Nf3 Bb4+ 6. Bd2 a5 7. Qc2 Bxd2+ 8.
Qxd2 c6 9. a4 Ne4 10. Qf4 Qb6 11. O-O Qxb2 12. Ne5 f6 13. Nxc4 Qxa1 14. Qxe4 Na6
15. Nb6 Nc7 16. d5 Ra6 17. Nxc8 cxd5 18. Qc2 Rc6 19. Qb3 Qd4 20. e4 Qb4 21. Qd3
O-O 22. exd5 Nxd5 23. Na7 Rc5 24. Nd2 Qxa4 25. Ne4 Rc4 26. Nb5 Qa2 27. Bh3 f5
28. Ng5 Nb4 29. Qd7 Rc6 30. Bg2 Rb6 31. Nd4 1-0

[Event "70th ch-RUS HL 2017"]
[Site "Sochi RUS"]
[Date "2017.07.05"]
[Round "4.7"]
[White "Oparin, Grigoriy"]
[Black "Khismatullin, Denis"]
[Result "1/2-1/2"]
[WhiteTitle "GM"]
[BlackTitle "GM"]
[WhiteElo "2605"]
[BlackElo "2639"]
[WhiteFideId "24125890"]
[BlackFideId "4142578"]
[EventDate "2017.07.02"]

1. e4 c5 2. Nf3 e6 3. d4 cxd4 4. Nxd4 a6 5. c4 Nf6 6. Nc3 Qc7 7. Be2 Bb4 8. O-O
O-O 9. Qd3 d6 10. f4 Nbd7 11. Bf3 Nc5 12. Qe2 Bxc3 13. bxc3 e5 14. fxe5 dxe5 15.
Nc2 Be6 16. Bg5 Ne8 17. Ne3 Nd6 18. Nd5 Bxd5 19. cxd5 b5 20. Rac1 Rac8 21. Bh4
Qb6 22. Kh1 Rc7 23. Qf2 f6 24. Qe2 Na4 25. Bg4 Nxc3 26. Be6+ Kh8 27. Qh5 Ncxe4
28. Rce1 Rc4 29. Qxe5 g5 30. Bg3 Rd4 31. Rc1 Kg7 32. Rc7+ Kh6 33. Qxd6 Nxd6 34.
Rc6 Qa5 35. Bxd6 Qd8 36. Bxf8+ Qxf8 37. Rxa6 Ra4 38. Rb6 Rxa2 39. Rxb5 Qe7 40.
Rb3 Ra4 1/2-1/2

[Event "70th ch-RUS HL 2017"]
[Site "Sochi RUS"]
[Date "2017.07.05"]
[Round "4.8"]
[White "Volkov, Sergey"]
[Black "Esipenko, Andrey"]
[Result "1-0"]
[WhiteTitle "GM"]
[BlackTitle "FM"]
[WhiteElo "2627"]
[BlackElo "2523"]
[WhiteFideId "4122763"]
[BlackFideId "24175439"]
[EventDate "2017.07.02"]

1. d4 f5 2. Bf4 Nf6 3. e3 e6 4. Bd3 Be7 5. c4 O-O 6. Nc3 d6 7. h3 Qe8 8. Nf3 Bd8
9. g4 Nc6 10. Bg3 e5 11. dxe5 dxe5 12. Bxf5 Bxf5 13. gxf5 e4 14. Ng5 Ne7 15. Ne6
Rf7 16. Ng5 Rf8 17. Qb3 Nxf5 18. c5+ Kh8 19. Ne6 Nxg3 20. fxg3 Rg8 21. Qxb7 Qxe6
22. Qxa8 Qa6 23. c6 Be7 24. Qb7 Qd3 25. Qxa7 Bd6 26. Rg1 Qc2 27. Qd4 Qxb2 28.
Ne2 Qa3 29. Kf1 Qa5 30. Rb1 Qxa2 31. Qb2 Qf7 32. Nf4 Qc4+ 33. Kg2 Qxc6 34. Rgc1
Qe8 35. Qb5 Qf7 36. Qc4 Qe8 37. Rf1 Qd7 38. Rf2 Re8 39. Qb5 Qf7 40. g4 Qe7 41.
Qf5 Bxf4 42. Rxf4 c6 43. Kh1 Kg8 44. Qg5 Rd8 45. Rbf1 Rd5 46. Rf5 Rd6 47. Ra5
Rd8 48. Ra6 Qb7 49. Qa5 Re8 50. Ra7 Qb8 51. Qa2+ Nd5 52. Rff7 Qe5 53. Qf2 Qc3
54. g5 Qc1+ 55. Kh2 Qc3 56. h4 Qe5+ 57. Qg3 Qb2+ 58. Kh3 Kh8 59. h5 Qe2 60. h6
Qh5+ 61. Kg2 Qe2+ 62. Kg1 Qd1+ 63. Rf1 Qb3 64. hxg7+ Kg8 65. Rf8+ Rxf8 66.
gxf8=Q+ Kxf8 67. Qf2+ 1-0

[Event "70th ch-RUS HL 2017"]
[Site "Sochi RUS"]
[Date "2017.07.05"]
[Round "4.9"]
[White "Potkin, Vladimir"]
[Black "Kobalia, Mikhail"]
[Result "1/2-1/2"]
[WhiteTitle "GM"]
[BlackTitle "GM"]
[WhiteElo "2576"]
[BlackElo "2613"]
[WhiteFideId "4131061"]
[BlackFideId "4119150"]
[EventDate "2017.07.02"]

1. d4 d5 2. c4 c6 3. Nc3 Nf6 4. e3 e6 5. Nf3 Nbd7 6. Qc2 Bd6 7. Bd3 O-O 8. O-O
e5 9. cxd5 cxd5 10. e4 exd4 11. Nxd5 Nxd5 12. exd5 h6 13. Nxd4 Qh4 14. Nf3 Qh5
15. Bh7+ Kh8 16. Qf5 Qxf5 17. Bxf5 Nf6 18. Bxc8 Rfxc8 19. Rd1 Rd8 20. Be3 Be7
21. d6 Rxd6 22. Rxd6 Bxd6 23. Bd4 Ne8 24. Kf1 Kg8 25. h4 h5 26. Ke2 f6 27. Rd1
Kf7 28. Nd2 Be7 29. Nc4 b6 30. b3 Ke6 31. f3 Nd6 32. Nxd6 Bxd6 33. g4 Rh8 34.
Bf2 g6 35. Rd4 f5 36. Rc4 Kd5 37. Rd4+ Ke6 38. Rc4 Kd5 39. Rd4+ Ke6 40. Rc4 Kd5 1/2-1/2

[Event "70th ch-RUS HL 2017"]
[Site "Sochi RUS"]
[Date "2017.07.05"]
[Round "4.10"]
[White "Moiseenko, Vadim"]
[Black "Alekseev, Evgeny"]
[Result "1/2-1/2"]
[WhiteTitle "IM"]
[BlackTitle "GM"]
[WhiteElo "2548"]
[BlackElo "2607"]
[WhiteFideId "4123700"]
[BlackFideId "4138147"]
[EventDate "2017.07.02"]

1. e4 e5 2. Nf3 Nc6 3. Bb5 a6 4. Ba4 Nf6 5. O-O Be7 6. d3 d6 7. c3 O-O 8. Re1
Re8 9. Nbd2 Bf8 10. Nf1 b5 11. Bc2 Nb8 12. a4 Bb7 13. b4 Nbd7 14. Ng3 c5 15. Bd2
Qc7 16. Qb1 d5 17. axb5 axb5 18. Rxa8 Bxa8 19. bxc5 dxe4 20. Nxe4 Nxe4 21. dxe4
Rb8 22. Bb3 Nxc5 23. Ba2 Bc6 24. Ng5 Be8 25. Bd5 Na4 26. Qd3 Nb6 27. Be3 Na4 28.
Rc1 h6 29. Nf3 Nb2 30. Qe2 Nc4 31. Ra1 Nxe3 32. Qxe3 Bc5 33. Qd3 g6 34. h4 Kg7
35. h5 Bb6 36. Ra6 b4 37. c4 b3 38. Qc3 Bd4 39. Nxd4 b2 40. Rxg6+ Kf8 41. Qa3+
Qe7 42. Nf5 b1=Q+ 43. Kh2 Qxa3 44. Rxh6 Qg1+ 45. Kxg1 Qc1+ 46. Kh2 Qf4+ 47. g3
Qxf2+ 48. Kh3 Kg8 49. Rg6+ Kf8 50. Rh6 Qf1+ 51. Kh4 Qh1+ 52. Kg4 Qd1+ 53. Kh4
Qh1+ 1/2-1/2

[Event "70th ch-RUS HL 2017"]
[Site "Sochi RUS"]
[Date "2017.07.05"]
[Round "4.11"]
[White "Rakhmanov, Aleksandr"]
[Black "Sarana, Alexey"]
[Result "1-0"]
[WhiteTitle "GM"]
[BlackTitle "GM"]
[WhiteElo "2670"]
[BlackElo "2510"]
[WhiteFideId "4173708"]
[BlackFideId "24133795"]
[EventDate "2017.07.02"]

1. Nf3 Nf6 2. c4 g6 3. b3 Bg7 4. Bb2 O-O 5. g3 c5 6. Bg2 Nc6 7. O-O d5 8. cxd5
Nxd5 9. Bxg7 Kxg7 10. d4 cxd4 11. Nxd4 Nxd4 12. Qxd4+ Nf6 13. Qe5 Be6 14. Bxb7
Qb8 15. Qxb8 Raxb8 16. Ba6 Nd5 17. Bc4 Rfd8 18. Rc1 Rb6 19. Bxd5 Rxd5 20. Nc3
Rd2 21. Rd1 Rc2 22. Rac1 Rb2 23. Kf1 Rd6 24. Ke1 Bf5 25. Rxd6 exd6 26. Ra1 h5
27. Nd1 Rc2 28. Ne3 Rb2 29. Nd1 Rc2 30. Ne3 Rb2 31. Nc4 Rc2 32. Kd1 d5 33. Ne3
Rc6 34. Rc1 Ra6 35. Nxf5+ gxf5 36. a4 Rb6 37. Kc2 f4 38. Rd1 fxg3 39. hxg3 Rc6+
40. Kb2 Rf6 41. f4 Re6 42. Rxd5 Rxe2+ 43. Kc3 Re3+ 44. Kc4 Rxg3 45. Rxh5 Rf3 46.
Ra5 Rxf4+ 47. Kc3 Rf3+ 48. Kb4 Rf4+ 49. Ka3 Kf6 50. Rxa7 Ke6 51. a5 Kd6 52. b4
Kc6 53. Ka4 Rf5 54. Re7 Rf1 55. b5+ Kd6 56. Rb7 f5 57. b6 f4 58. Kb5 f3 59. Rf7 1-0

[Event "70th ch-RUS HL 2017"]
[Site "Sochi RUS"]
[Date "2017.07.05"]
[Round "4.12"]
[White "Sjugirov, Sanan"]
[Black "Khegay, Dmitriy"]
[Result "1-0"]
[WhiteTitle "GM"]
[BlackTitle "FM"]
[WhiteElo "2649"]
[BlackElo "2484"]
[WhiteFideId "4189302"]
[BlackFideId "24153729"]
[EventDate "2017.07.02"]

1. d4 d6 2. e4 g6 3. Nc3 Bg7 4. Nf3 Nf6 5. Be2 O-O 6. O-O Bg4 7. Be3 Nc6 8. Qd2
e5 9. d5 Ne7 10. a4 Bd7 11. Bg5 Ne8 12. a5 a6 13. b4 f6 14. Bh6 Bxh6 15. Qxh6
Ng7 16. Qd2 g5 17. Rfb1 Ng6 18. b5 axb5 19. Nxb5 Qc8 20. c4 Nf4 21. Bf1 f5 22.
exf5 Rxf5 23. Rb3 g4 24. Ne1 Rf7 25. Nc2 Nf5 26. Nc3 c6 27. Ne4 Qc7 28. Rb6 Nh4
29. Qb4 Bf5 30. Nxd6 c5 31. Qb2 Bxc2 32. Nxf7 Qxf7 33. Qxc2 Nh3+ 34. Kh1 Nxf2+
35. Kg1 Rf8 36. Rb2 Qg7 37. Qc3 Ne4 38. Qe3 Nd6 39. Qxc5 e4 40. Rab1 Qe5 41. Qe3
Ndf5 42. Qg5+ Kh8 43. Rxb7 h6 44. Qd2 g3 45. h3 Nf3+ 46. gxf3 exf3 47. Qb2 Nd4
48. Re7 Qf4 49. Qc1 Qf6 50. Rb6 Ne2+ 51. Rxe2 1-0

[Event "70th ch-RUS HL 2017"]
[Site "Sochi RUS"]
[Date "2017.07.05"]
[Round "4.13"]
[White "Kokarev, Dmitry"]
[Black "Yandemirov, Valeri"]
[Result "1/2-1/2"]
[WhiteTitle "GM"]
[BlackTitle "GM"]
[WhiteElo "2620"]
[BlackElo "2385"]
[WhiteFideId "4132181"]
[BlackFideId "4102622"]
[EventDate "2017.07.02"]

1. e4 e5 2. Nf3 Nc6 3. Bb5 f5 4. Nc3 fxe4 5. Nxe4 Nf6 6. Nxf6+ Qxf6 7. Qe2 Be7
8. Bxc6 bxc6 9. Nxe5 Qe6 10. Nf3 Qxe2+ 11. Kxe2 O-O 12. d3 Bf6 13. Rb1 d6 14.
Be3 Bg4 15. Kf1 Rae8 16. h3 Bxf3 17. gxf3 Be5 18. d4 Bf4 19. Ke2 Rf5 20. Rbd1 c5
21. c4 cxd4 22. Rxd4 Bxe3 23. fxe3 Ra5 24. Ra1 Rb8 25. Rd2 Kf7 26. Kd3 Rg5 27.
Rh1 Rg3 28. Rf2 Ke6 29. Rhh2 Kf6 30. h4 Rg1 31. Rhg2 Ra1 32. b3 a5 33. Rb2 Rd1+
34. Rbd2 Rf1 35. Ke2 Ra1 36. Rg4 a4 37. bxa4 Rb4 38. c5 dxc5 39. Rxb4 cxb4 40.
Kd3 Rh1 41. Rc2 Rxh4 42. Rc6+ Ke7 43. Rxc7+ Kf6 44. Rc4 Rh2 45. Rc2 Rh5 46. Kc4
Re5 47. Kxb4 Rxe3 48. a5 h5 49. a6 Re8 50. Kb5 g5 51. Rh2 h4 52. f4 gxf4 53.
Rxh4 Kg5 54. Rh7 Re5+ 55. Kb6 Re6+ 56. Kb7 Re2 57. a3 Re3 58. a7 Rb3+ 59. Kc8 1/2-1/2

[Event "70th ch-RUS HL 2017"]
[Site "Sochi RUS"]
[Date "2017.07.05"]
[Round "4.14"]
[White "Triapishko, Alexandr"]
[Black "Goganov, Aleksey"]
[Result "1-0"]
[WhiteTitle "IM"]
[BlackTitle "GM"]
[WhiteElo "2506"]
[BlackElo "2592"]
[WhiteFideId "14122286"]
[BlackFideId "24109959"]
[EventDate "2017.07.02"]

1. e4 c5 2. Nf3 e6 3. d4 cxd4 4. Nxd4 Nc6 5. Nc3 Qc7 6. Be3 a6 7. Qd2 Nf6 8. f4
Bb4 9. Bd3 Na5 10. a3 Bxc3 11. Qxc3 Qxc3+ 12. bxc3 d5 13. e5 Ne4 14. Nb3 Nc4 15.
Bxc4 dxc4 16. Na5 Bd7 17. Bd4 Rc8 18. O-O b6 19. Bxb6 Nxc3 20. Nb7 Ne4 21. Nd6+
Nxd6 22. exd6 Bc6 23. Bc7 f5 24. Kf2 Kd7 25. Ke3 g5 26. g3 g4 27. Rab1 Be4 28.
Rb4 Bd5 29. Kd4 h5 30. Rfb1 h4 31. c3 hxg3 32. hxg3 Be4 33. R1b2 Rh1 34. Kc5 Rd1
35. Rh2 Rd5+ 36. Kb6 Rxd6+ 37. Bxd6 Kxd6 38. Ka5 e5 39. Rh6+ Kd5 40. Rbb6 exf4
41. gxf4 Kc5 42. Rhe6 Rd8 43. Re5+ Rd5 44. Re8 Rd6 45. Rxd6 Kxd6 46. Kb6 a5 47.
Rd8+ Ke7 48. Rd1 Kf6 49. Kc5 Kg6 50. Rd8 Kg7 51. Kd4 Bc2 52. Rc8 Kg6 53. Ke3 Bb3
54. Rc6+ Kh5 55. Kf2 a4 56. Kg3 Ba2 57. Rb6 Bb3 58. Ra6 Bc2 59. Rf6 Be4 60. Rb6
Bc2 61. Kh2 Bb3 62. Rc6 Ba2 63. Kg3 Bb3 64. Rc5 Kg6 65. Kh4 Kf6 66. Rc6+ Kf7 67.
Kg5 Bc2 68. Rg6 Be4 69. Kh6 Bf3 70. Rg5 Kf6 71. Kh5 Be4 72. Kh4 Bc2 73. Kg3 Ke6
74. Kf2 Kd5 75. Ke3 Kc5 76. Kd2 Be4 77. Rg7 Kb6 78. Ke3 Kc5 79. Ra7 Bc6 80. Re7
Kd6 81. Re5 Be4 82. Rxe4 fxe4 83. Kxe4 g3 84. Kf3 Kd5 85. f5 g2 86. Kxg2 Ke5 87.
Kg3 1-0

[Event "70th ch-RUS HL 2017"]
[Site "Sochi RUS"]
[Date "2017.07.05"]
[Round "4.15"]
[White "Antipov, Mikhail Al."]
[Black "Sorokin, Aleksey"]
[Result "1-0"]
[WhiteTitle "GM"]
[BlackTitle "FM"]
[WhiteElo "2580"]
[BlackElo "2469"]
[WhiteFideId "4107012"]
[BlackFideId "24176460"]
[EventDate "2017.07.02"]

1. e4 c5 2. Nf3 d6 3. d4 cxd4 4. Nxd4 Nf6 5. Nc3 a6 6. h4 e5 7. Nb3 Be7 8. Bg5
Nbd7 9. a4 h6 10. Be3 b6 11. g4 Bb7 12. Bg2 Rc8 13. Nd2 h5 14. g5 Ng4 15. Nf1
Nxe3 16. Nxe3 Nc5 17. Ncd5 g6 18. O-O O-O 19. f4 exf4 20. Rxf4 f6 21. Nf5 Bxd5
22. Qxd5+ Kh8 23. Nh6 Qd7 24. Nf7+ Kg7 25. gxf6+ Bxf6 26. Rxf6 Kxf6 27. Nxd6
Rcd8 28. Qd4+ Ke7 29. Qg7+ Kxd6 30. Rd1+ Kc7 31. Rxd7+ Nxd7 32. e5 1-0

[Event "70th ch-RUS HL 2017"]
[Site "Sochi RUS"]
[Date "2017.07.05"]
[Round "4.16"]
[White "Pogonina, Natalija"]
[Black "Tsydypov, Zhamsaran"]
[Result "1/2-1/2"]
[WhiteTitle "WGM"]
[BlackTitle "IM"]
[WhiteElo "2469"]
[BlackElo "2528"]
[WhiteFideId "4147855"]
[BlackFideId "4108566"]
[EventDate "2017.07.02"]

1. d4 g6 2. e4 Bg7 3. Nc3 d5 4. exd5 Nf6 5. Bb5+ Nbd7 6. Nf3 O-O 7. O-O Nb6 8.
h3 Nbxd5 9. Nxd5 Nxd5 10. Re1 a6 11. Bf1 b5 12. c3 Nb6 13. Bg5 Re8 14. Bh4 Bb7
15. Ne5 Qc8 16. Nd3 e6 17. Qc1 Nd7 18. a4 c5 19. dxc5 Nxc5 20. Nxc5 Qxc5 21.
axb5 axb5 22. Qd2 Ra4 23. Bg5 Rea8 24. Be3 Qc7 25. Rad1 Bc6 26. Qd6 Be5 27. Qc5
R4a5 28. b4 Ra3 29. Bc1 Bh2+ 30. Kh1 Ra2 31. Bh6 Rc8 32. Qe3 Bd6 33. Qd4 Bf8 34.
Bxf8 Rxf8 35. Qf6 Bd5 36. h4 Qd8 37. Qd4 Qc7 38. Kg1 Rc8 39. Re3 Rc2 40. Bxb5
Rxc3 41. Bf1 Rxe3 42. Qxe3 Qc2 43. Re1 Qc3 44. Qxc3 Rxc3 45. Rb1 Be4 46. Re1 Bd5
47. Rb1 Be4 48. Re1 Bd5 1/2-1/2

[Event "70th ch-RUS HL 2017"]
[Site "Sochi RUS"]
[Date "2017.07.05"]
[Round "4.17"]
[White "Belozerov, Andrei"]
[Black "Duzhakov, Ilya"]
[Result "1/2-1/2"]
[WhiteTitle "GM"]
[BlackTitle "FM"]
[WhiteElo "2512"]
[BlackElo "2421"]
[WhiteFideId "4120213"]
[BlackFideId "4192516"]
[EventDate "2017.07.02"]

1. c4 e5 2. g3 Nf6 3. Bg2 c6 4. d4 exd4 5. Qxd4 Na6 6. Nf3 Bc5 7. Qe5+ Be7 8.
O-O O-O 9. Nc3 Re8 10. Rd1 Bb4 11. Qf5 Nc5 12. Qc2 Bxc3 13. Qxc3 Qe7 14. Bg5
Nce4 15. Bxf6 Nxf6 16. Nd4 d6 17. Rd3 Bd7 18. Re3 Qf8 19. Rd1 a6 20. Nb3 Rxe3
21. Qxe3 Re8 22. Qd3 b5 23. Bf3 bxc4 24. Qxc4 d5 25. Qc5 g5 26. Qxf8+ Kxf8 27.
Nc5 a5 28. b3 Bf5 29. e3 Ke7 30. Nb7 Ra8 31. Rc1 Ra7 32. Nc5 Kd6 33. Kf1 Nd7 34.
Na4 Bd3+ 35. Ke1 f5 36. Kd2 Bb5 37. Nc3 Ba6 38. Bg2 Nc5 39. f3 Re7 40. Bf1 Bc8
41. Ne2 Re6 42. Nd4 Rh6 43. h3 g4 44. h4 gxf3 45. Bd3 f2 46. Ke2 f4 47. exf4
Bg4+ 48. Ke3 Nxd3 49. Kxd3 Bh3 50. Ke3 c5 51. Nb5+ Kc6 52. Na7+ Kb6 53. Kxf2 Rd6
54. a4 Kxa7 55. Rxc5 Ka6 56. Ke3 d4+ 57. Kd3 Bf1+ 58. Kd2 Rb6 59. Kc2 Re6 60.
Rd5 d3+ 61. Kd2 Rc6 62. g4 Rc2+ 63. Ke3 Kb6 64. f5 Rg2 65. f6 Re2+ 66. Kxd3 Re6+
67. Kd4 Rxf6 68. Ke5 Rf3 69. Rd7 Bd3 70. Kd5 Rf4 71. Rd6+ Kc7 72. Kc5 Be4 73.
Ra6 Rxg4 74. Rxa5 Rxh4 75. Ra6 Rh5+ 76. Kd4 Bc6 77. b4 Rd5+ 78. Kc4 Rd6 79. Kc5
Rg6 80. b5 Bb7 81. b6+ Kb8 82. Ra7 Rg3 83. a5 Ra3 84. Kb4 Ra1 85. Kc3 h5 86. Kb2
Ra4 87. Kb3 Ra1 88. Kb2 Ra4 89. Kb3 Rf4 90. a6 Bd5+ 91. Kc3 Rf7 92. Rxf7 Bxf7
93. Kd4 Be8 94. Ke3 Bb5 95. a7+ Kb7 96. Kf4 Bc6 97. Kg5 Kxb6 98. Kxh5 Kxa7 1/2-1/2

[Event "70th ch-RUS HL 2017"]
[Site "Sochi RUS"]
[Date "2017.07.05"]
[Round "4.18"]
[White "Oganian, Miran"]
[Black "Sek, Konstantin"]
[Result "1/2-1/2"]
[WhiteTitle "IM"]
[WhiteElo "2462"]
[BlackElo "2465"]
[WhiteFideId "4122488"]
[BlackFideId "24104302"]
[EventDate "2017.07.02"]

1. d4 Nf6 2. Nf3 e6 3. c4 c5 4. Nc3 cxd4 5. Nxd4 Nc6 6. a3 Bc5 7. Nb3 Bb6 8. Bf4
d5 9. c5 Bc7 10. Bxc7 Qxc7 11. Nb5 Qe5 12. Nd6+ Ke7 13. Qc1 Rd8 14. f4 Qh5 15.
e3 e5 16. Bb5 Ng4 17. Qd1 exf4 18. exf4 Kf8 19. Qe2 d4 20. Bc4 Qh4+ 21. g3 Qf6
22. O-O-O Ne3 23. Nxd4 Nxd1 24. Nxc6 Nc3 25. Qe5 bxc6 26. Qxf6 gxf6 27. bxc3 Rd7
28. Bd3 h6 29. Be4 Re7 30. Bxc6 Rb8 31. Bb5 a6 32. Nxc8 Rxc8 33. Bxa6 Rxc5 34.
Kb2 Ra5 35. Bc4 Rb7+ 36. Ka2 Rc7 37. Kb3 Rb7+ 38. Kc2 Rxa3 39. Rd1 Kg7 40. Rd2
Rc7 41. Bb3 Ra1 42. Bd5 h5 43. Kd3 h4 44. c4 Ra3+ 45. Kd4 hxg3 46. Rg2 Kg6 47.
Rxg3+ Rxg3 48. hxg3 Kf5 49. c5 Kg4 50. c6 Kxg3 51. Kc5 1/2-1/2

[Event "70th ch-RUS HL 2017"]
[Site "Sochi RUS"]
[Date "2017.07.05"]
[Round "4.19"]
[White "Yeletsky, Ivan"]
[Black "Artemiev, Vladislav"]
[Result "0-1"]
[WhiteTitle "FM"]
[BlackTitle "GM"]
[WhiteElo "2417"]
[BlackElo "2695"]
[WhiteFideId "24180327"]
[BlackFideId "24101605"]
[EventDate "2017.07.02"]

1. e4 c5 2. Nf3 d6 3. d4 cxd4 4. Nxd4 Nf6 5. Nc3 a6 6. Bg5 Nbd7 7. Qe2 h6 8. Bh4
b5 9. Nd5 Nxd5 10. exd5 Nb6 11. O-O-O Qc7 12. Qf3 g5 13. Bg3 Bg7 14. Kb1 h5 15.
h3 Bd7 16. c3 Rc8 17. Nf5 Bxf5+ 18. Qxf5 Bf6 19. h4 g4 20. Bd3 Qd7 21. Rhe1 Kd8
22. f3 Qxf5 23. Bxf5 Rb8 24. Bf2 gxf3 25. gxf3 Rg8 26. Rg1 Kc7 27. Be4 Nc4 28.
b3 Na3+ 29. Kb2 b4 30. Bd4 bxc3+ 31. Bxc3 Nc4+ 32. Kc1 Bxc3 33. bxc4 Bf6 34.
Rxg8 Rxg8 35. Kc2 Rg2+ 36. Rd2 Rg3 37. Rh2 Kb6 38. Kd3 Kc5 39. Ke3 Rg1 40. Bd3
Bd4+ 41. Ke4 Rd1 42. Be2 Rd2 43. a4 Bg1 44. Rg2 Rd4+ 45. Kf5 Be3 46. Rh2 Bh6 0-1

[Event "70th ch-RUS HL 2017"]
[Site "Sochi RUS"]
[Date "2017.07.05"]
[Round "4.20"]
[White "Zabotin, Alexander"]
[Black "Drygalov, Andrey"]
[Result "1/2-1/2"]
[WhiteTitle "IM"]
[WhiteElo "2466"]
[BlackElo "2416"]
[WhiteFideId "4159985"]
[BlackFideId "24171735"]
[EventDate "2017.07.02"]

1. Nf3 d5 2. d4 Nf6 3. c4 c6 4. e3 Bf5 5. Nc3 e6 6. Nh4 Be4 7. f3 Bg6 8. g3 Nbd7
9. Nxg6 hxg6 10. Kf2 Be7 11. Qb3 Qc7 12. Bd2 O-O 13. cxd5 exd5 14. Rc1 Nb6 15.
Kg2 Qd7 16. Bd3 Rac8 17. Rhd1 Ne8 18. Rc2 Nd6 19. e4 Ndc4 20. Ne2 Nxd2 21. Rcxd2
g5 22. Nc3 dxe4 23. Bxe4 Bd6 24. a4 Rce8 25. a5 Nc8 26. Na4 Qc7 27. Nc5 Bxc5 28.
dxc5 Qxa5 29. Qxb7 Qxc5 30. Rc2 Qb6 31. Qxc6 Qxc6 32. Rxc6 Re7 33. Rc5 g4 34. b4
gxf3+ 35. Kxf3 g6 36. Rd3 Kg7 37. h4 Nb6 38. Bc6 Rc8 39. Bb5 Rcc7 40. Kf4 Rb7
41. Bc6 Rbc7 42. Bf3 Rcd7 43. Rxd7 Rxd7 44. Ke3 Re7+ 45. Kd2 Rd7+ 46. Kc2 Re7
47. b5 Rd7 48. Rc3 Kf6 49. Bc6 Rc7 50. Kb3 Ke5 51. Be8 Rb7 52. Rf3 Ke6 53. Kb4
Rc7 54. Ka5 Nc4+ 55. Ka6 Ne5 56. Re3 Kd6 57. Re1 Rc8 58. Rxe5 Kxe5 59. Bxf7 Rc3
60. Kxa7 Rxg3 61. b6 1/2-1/2

[Event "70th ch-RUS HL 2017"]
[Site "Sochi RUS"]
[Date "2017.07.05"]
[Round "4.21"]
[White "Samojlov, Anton"]
[Black "Lugovskoy, Maxim"]
[Result "1/2-1/2"]
[WhiteTitle "FM"]
[BlackTitle "GM"]
[WhiteElo "2329"]
[BlackElo "2453"]
[WhiteFideId "4151909"]
[BlackFideId "24126454"]
[EventDate "2017.07.02"]

1. d4 d5 2. c4 e6 3. Nf3 a6 4. Bg5 Be7 5. Bxe7 Qxe7 6. Nbd2 Nf6 7. g3 Nc6 8. Qc2
O-O 9. Bg2 Rd8 10. O-O dxc4 11. e3 e5 12. Nxe5 Nxe5 13. dxe5 Qxe5 14. Nxc4 Qc5
15. Rfc1 Rb8 16. Qc3 Be6 17. Na5 Qxc3 18. bxc3 Bd5 19. Rc2 Bxg2 20. Kxg2 Rd6 21.
Rb1 b6 22. c4 c5 23. Nb3 Nd7 24. Nd2 f5 25. h4 Kf7 26. Kf3 Ke7 27. Ke2 Kd8 28.
Nf3 Kc7 29. a4 Re8 30. Rbb2 Nb8 31. Rd2 Rxd2+ 32. Kxd2 Nc6 33. Kc3 Na5 34. Nd2
Nb7 35. Rb1 Nd6 36. Rb2 Kc6 37. Ra2 g6 38. Ra1 h6 39. Rg1 Rd8 40. f3 Nf7 41. g4
Ne5 42. gxf5 gxf5 43. Rg7 Rd3+ 44. Kc2 Rxe3 45. Rh7 Nxf3 46. Rxh6+ Kc7 47. Nxf3
Rxf3 48. Rf6 Ra3 49. Rxf5 Rxa4 50. Rf7+ Kb8 51. Rf8+ Kb7 52. Rf7+ Kc8 53. Kd3 a5
54. h5 Ra3+ 55. Ke4 Rh3 56. Kd5 Rxh5+ 57. Kc6 Rh6+ 58. Kb5 Rd6 59. Rh7 Rd7 60.
Rh8+ Kc7 61. Rh6 a4 62. Rc6+ Kd8 63. Kxa4 Rd1 64. Rxb6 Kc7 65. Rh6 Rb1 1/2-1/2

[Event "70th ch-RUS HL 2017"]
[Site "Sochi RUS"]
[Date "2017.07.05"]
[Round "4.22"]
[White "Savitskiy, Sergey"]
[Black "Gaifullin, Artur"]
[Result "0-1"]
[WhiteTitle "FM"]
[BlackTitle "FM"]
[WhiteElo "2428"]
[BlackElo "2405"]
[WhiteFideId "24105660"]
[BlackFideId "24168653"]
[EventDate "2017.07.02"]

1. e4 e5 2. Nf3 Nc6 3. d4 exd4 4. Nxd4 Bc5 5. Nb3 Bb4+ 6. c3 Be7 7. Bf4 d6 8.
N1d2 Nf6 9. Be2 O-O 10. O-O Re8 11. Re1 Bf8 12. Qc2 Bd7 13. Rad1 a5 14. a4 g6
15. Bg5 Bg7 16. h3 Qc8 17. Bf1 h6 18. Be3 Re7 19. f4 Qe8 20. Bf2 Nd8 21. e5 dxe5
22. Bc5 Re6 23. f5 gxf5 24. Qxf5 e4 25. Be3 Bxa4 26. Ra1 Re5 27. Qf2 Nd5 28. Nd4
Bd7 29. Nc4 Re7 30. Nf5 Bxf5 31. Qxf5 Qd7 32. Qh5 Nxe3 33. Rxe3 b5 34. Rd1 Qc6
35. Na3 Qb6 36. Qe2 c6 37. Kh1 f5 38. Rg3 Ne6 39. Qh5 Qf2 40. Qh4 Ng5 0-1

[Event "70th ch-RUS HL 2017"]
[Site "Sochi RUS"]
[Date "2017.07.05"]
[Round "4.23"]
[White "Bykov, Egor"]
[Black "Savenkov, Konstantin"]
[Result "0-1"]
[WhiteTitle "FM"]
[BlackTitle "FM"]
[WhiteElo "2324"]
[BlackElo "2437"]
[WhiteFideId "34115290"]
[BlackFideId "4138600"]
[EventDate "2017.07.02"]

1. d4 Nf6 2. c4 g6 3. Nc3 Bg7 4. e4 d6 5. Nf3 O-O 6. Be2 Nbd7 7. O-O e5 8. Be3
Re8 9. d5 Nh5 10. Ne1 Nf4 11. Nd3 Nxe2+ 12. Qxe2 c5 13. a3 f5 14. f3 Nf6 15. b4
b6 16. a4 a5 17. bxc5 bxc5 18. Rab1 f4 19. Bf2 g5 20. Rb3 g4 21. Bh4 gxf3 22.
gxf3 Qd7 23. Kh1 Kh8 24. Rb6 Nh5 25. Qg2 Bf6 26. Bxf6+ Nxf6 27. Nxc5 Qd8 28. Qg5
Rg8 29. Qh4 Rf8 30. Rc6 dxc5 31. Rxc5 Bd7 32. d6 Qb6 33. Rxe5 Qxd6 34. Qg5 Qd3
35. Rg1 Qxf3+ 36. Rg2 Ng4 0-1

[Event "70th ch-RUS HL 2017"]
[Site "Sochi RUS"]
[Date "2017.07.05"]
[Round "4.24"]
[White "Vavulin, Maksim"]
[Black "Ulyanin, Sergei"]
[Result "1-0"]
[WhiteTitle "IM"]
[BlackTitle "FM"]
[WhiteElo "2595"]
[BlackElo "2328"]
[WhiteFideId "4169530"]
[BlackFideId "24105805"]
[EventDate "2017.07.02"]

1. e4 c6 2. d4 d5 3. Nc3 dxe4 4. Nxe4 Bf5 5. Ng3 Bg6 6. N1e2 e6 7. Nf4 Bd6 8. c3
Nf6 9. h4 Bxf4 10. Bxf4 h6 11. h5 Bh7 12. Qb3 Qb6 13. Qa3 Nbd7 14. Bd6 a5 15.
Bc4 Qd8 16. O-O b5 17. Be2 Ne4 18. Nxe4 Bxe4 19. Rfe1 Nb6 20. Bg3 Qd5 21. Bf1 f6
22. b3 Bf5 23. Rad1 Ra7 24. c4 b4 25. cxd5 bxa3 26. dxe6 Ke7 27. Bf4 Bxe6 28.
Bc1 Kd7 29. Bxa3 Re8 30. Bc5 Rb7 31. Rd3 Nd5 32. Rg3 Kd8 33. Bc4 Bf7 34. Rxe8+
Bxe8 35. Bf8 Bxh5 36. Bxg7 Re7 37. Bxh6 Re1+ 38. Kh2 Ra1 39. a4 Rd1 40. Rg8+ Kc7
41. Be3 Nxe3 42. fxe3 Re1 43. g4 1-0